<?xml version="1.0" encoding="UTF-8"?>
<collection xmlns="http://www.loc.gov/MARC21/slim">
  <record>
    <leader>00000nam  2200000   4500</leader>
    <controlfield tag="001">INLIS000000000013187</controlfield>
    <controlfield tag="005">20220808101558</controlfield>
    <datafield tag="035" ind1="#" ind2="#">
      <subfield code="a">0010-0722000025</subfield>
    </datafield>
    <datafield tag="245" ind1="1" ind2="#">
      <subfield code="a">Akselerasi Sinergi Informasi Masyarakat (Si INFORMAN) yang Efektif dan Efisien pada Biro Humas Sekretariat Daerah Provinsi Kalimantan Timur) /</subfield>
      <subfield code="c">Drs. Muhammad Syafranuddin, M.M.</subfield>
    </datafield>
    <datafield tag="100" ind1=" " ind2="#">
      <subfield code="a">SYAFRANUDDIN, Muhammad</subfield>
    </datafield>
    <datafield tag="250" ind1="#" ind2="#">
      <subfield code="a">1</subfield>
    </datafield>
    <datafield tag="300" ind1="#" ind2="#">
      <subfield code="a">iv, 29 halaman; lampiran :</subfield>
      <subfield code="b">ilustrasi ;</subfield>
      <subfield code="c">30 cm</subfield>
    </datafield>
    <datafield tag="260" ind1="#" ind2="#">
      <subfield code="a">Samarinda :</subfield>
      <subfield code="b">Puslatbang KDOD,</subfield>
      <subfield code="c">2020</subfield>
    </datafield>
    <datafield tag="084" ind1="#" ind2="#">
      <subfield code="a">PKN 282 2020</subfield>
    </datafield>
    <datafield tag="650" ind1="#" ind2="4">
      <subfield code="a">Proyek Perubahan</subfield>
    </datafield>
    <datafield tag="650" ind1="#" ind2="4">
      <subfield code="a">Kepemimpinan Nasional Tingkat II</subfield>
    </datafield>
    <datafield tag="650" ind1="#" ind2="4">
      <subfield code="a">teknologi informasi</subfield>
    </datafield>
    <datafield tag="650" ind1="#" ind2="4">
      <subfield code="a">sistem  infomasi</subfield>
    </datafield>
    <datafield tag="650" ind1="#" ind2="4">
      <subfield code="a">layanan pemerintah</subfield>
    </datafield>
    <datafield tag="650" ind1="#" ind2="4">
      <subfield code="a">layanan informasi</subfield>
    </datafield>
    <datafield tag="650" ind1="#" ind2="4">
      <subfield code="a">informasi masyarakat</subfield>
    </datafield>
    <datafield tag="520" ind1="#" ind2="#">
      <subfield code="a">Laporan proyek perubahan ini didorong belum maksimalnya jumlah informasi dan tidak adanya kanal informasi yang baik serta belum sinerginya pengelolaan informasi dikarenakan SDM kurang kompeten, terbatasnya sarana prasarana, ketersediannya sarana dan prasarana, kerap terjadinya perubahan peraturan serta informasi disampaikan kalah cepat dengan informasi masyarakat media social. Informan masyarakat (Si INFORMAN) akan memberikan kebenaran kepada masyarakat atau public akan informasi dan menjadi informasi masyarakat yang cepat tepat, akurat serta aman terpecaya dan kredibel.</subfield>
    </datafield>
    <datafield tag="500" ind1="#" ind2="#">
      <subfield code="a">Coach : Dr. Ir. Suseno, M.M &#13;
Penguji : Tri Atmojo sejati, S.T., S.H., M.Si.&#13;
Mentor : Fathul Halim, S.E., M.M</subfield>
    </datafield>
    <controlfield tag="008">220808################|##########|#|##</controlfield>
    <datafield tag="990" ind1="#" ind2="#">
      <subfield code="a">PKN/282/2020</subfield>
    </datafield>
  </record>
</collection>
